Introducción al riego

Bibliographic Details
Main Author: Brouwer, .C.
Format: Section = Libro
Language:Undetermined
Spanish
Published: Roma FAO 1987
Subjects:
LEADER 00400nam a2200169Ia 4500
008 240829s9999 xx 000 0 und d
040 |a BIBLIOTECA-RUPAP 631.7 B876. 
041 |a spa 
082 |a 631.7 B876. 
100 1 |a Brouwer, .C. 
245 1 0 |a Introducción al riego 
260 |a Roma  |b FAO  |c 1987 
300 |a 84 p. :il. 
650 7 |a RIEGO. I. Tít. 
942 |c BK  |2 ddc 
991 |a TEXTO 
999 |c 9697